Baptism and Faith (Record no. 377398)

MARC details
000 -LEADER
fixed length control field 00491nam a2200193Ia 4500
008 - FIXED-LENGTH DATA ELEMENTS--GENERAL INFORMATION
fixed length control field 191130s2000##################000#0#eng##
020 ## - INTERNATIONAL STANDARD BOOK NUMBER
ISBN 9783631364666
082 ## - DEWEY DECIMAL CLASSIFICATION NUMBER
Classification number 234.161 ALU
100 ## - MAIN ENTRY--AUTHOR NAME
Personal name Alule, Cosmos
245 ## - TITLE STATEMENT
Title Baptism and Faith
Statement of responsibility, etc Cosmos Alule
260 ## - PUBLICATION, DISTRIBUTION, ETC. (IMPRINT)
Place of publication Bern
Name of publisher Peter Lang
Year of publication c2000
300 ## - PHYSICAL DESCRIPTION
Number of Pages 367 p. ; 23 cm.
650 ## - SUBJECT ADDED ENTRY--TOPICAL TERM
Topical Term Christianity
Topical Term Religion
991 ## -
-- 99939
Holdings
Withdrawn status Lost status Damaged status Not for loan Home library Current library Shelving location Date acquired Full call number Accession Number Price effective from Koha item type
        Anna Centenary Library Anna Centenary Library 3RD FLOOR, B WING 17.10.2020 234.161 ALU 218154 17.10.2020 English Books

Find us on the map